|
|
|
|
| LEADER |
00650cam a2200193 7i4500 |
| 001 |
0000020201 |
| 005 |
20170218090000.0 |
| 020 |
|
|
|a 8184310226 (pbk.)
|
| 020 |
|
|
|a 9788184310221 (pbk.)
|
| 090 |
0 |
0 |
|a TK7868.S9
|b G37 2008
|
| 100 |
1 |
|
|a Godse, Atul P
|
| 245 |
1 |
0 |
|a Switching theory and logic design :
|b Atul P. Godse, Mrs. Deepali A. Godse.
|
| 260 |
|
|
|a India:
|b Technical Pub. Pune,
|c 2008.
|
| 300 |
|
|
|a 1 v. (various paging):
|b ill.;
|c 24 cm.
|
| 650 |
0 |
0 |
|a Logic design
|
| 650 |
0 |
0 |
|a Switching theory
|
| 700 |
1 |
|
|a Godse, Deepali A
|
| 997 |
|
|
|a Engineering, Faculty
|b Engineering, Department
|
| 999 |
|
|
|a 0000056221
|b BOK
|c OPEN SHELF
|e 2nd Floor, Bestari Jaya
|